• 首页
  • 本馆介绍
  • 公告通知
  • 最新文献
  • 馆藏检索
  • 电子资源
  • 读者导购
  • 参考咨询
  • 我的图书馆
  • 登录
  • 详细信息显示
  • 放入我的书架
  • 预约/预借图书
  • 作者相关作品
  • 分类相关作品
  • 丛书相关作品
  • 出版社相关作品

书目信息

  • 表格格式
  • 工作单格式
  • 卡片格式
题名:
电磁测量学普通教程
    
 
作者: 福莱姆坎 编 ;洪效训 译
分册:  
出版信息: 北京   高等教育出版社  1955
页数: 482页
开本: 20cm
丛书名:
单 册:
中图分类: O441.5
科图分类:
主题词: 电磁学 , 电动力学
电子资源:
ISBN:
000 00677nam0 2200229 450
001 0637966984
005 20060817162659.71
010    @dCNY2.20
100    @a20060719d1955 km y0chiy0120 ea
101 0  @achi
102    @aCN@b110000
102    @aCN@b110000
200 1  @a电磁测量学普通教程@Adian ci ce liang xue pu tong jiao cheng@fA·B·福莱姆坎编@FA·B·fu lai mu kan bian@g洪效训译@Ghong xiao xun yi
210    @a北京@c高等教育出版社@d1955
215    @a482页@d20cm
606 0  @a电磁学
606 0  @a电动力学
690    @aO441.5@v3
701  0 @a福莱姆坎@Afu lai mu kan@4编
702  0 @a洪效训@Ahong xiao xun@4译
801  0 @aCN@bPFT@c20060817
905    @a10447@dO441.5@e96
    
    电磁测量学普通教程/A·B·福莱姆坎编/洪效训译.-北京:高等教育出版社,1955
    482页;20cm
    
    
    ISBN :CNY2.20
    
●
相关链接 在E读中查询图书 在五车中查询图书 在当当中查询图书 在豆瓣中查询图书


正题名:电磁测量学普通教程     索取号:O441.5/96         预约/预借

序号 登录号 条形码 馆藏地/架位号 状态 备注
1 0432387   204323874   密集书库/ [索取号:O441.5/96] 在馆    
2 0468473   204684733   密集书库/ [索取号:O441.5/96] 在馆    
唐山师范学院图书馆 欢迎您!
大连网信软件有限公司© 版权所有